Indian Development/ (Record no. 202840)

MARC details
000 -LEADER
fixed length control field 00592 a2200205 4500
005 - DATE AND TIME OF LATEST TRANSACTION
control field 20240513162704.0
010 ## - LCCN (DPL NO)
LC control number B-759020
020 ## - INTERNATIONAL STANDARD BOOK NUMBER
International Standard Book Number 0198292043
Terms of availability 0.00
035 ## - SYSTEM CONTROL NUMBER
System control number B-759020
037 ## - SOURCE OF ACQUISITION
Source of stock number/acquisition Gift/Unesco
082 ## - DEWEY DECIMAL CLASSIFICATION NUMBER
Classification number 363.5492
245 ## - TITLE STATEMENT
Title Indian Development/
Statement of responsibility, etc Edited by- Jean Dreze [and] Amartya Sen
260 ## - PUBLICATION, DISTRIBUTION, ETC. (IMPRINT)
Place of publication, distribution, etc New Delhi
Name of publisher, distributor, etc Oxford
Date of publication, distribution, etc 1997
270 ## - ADDRESS
City New Delhi
300 ## - PHYSICAL DESCRIPTION
Extent 420 p.
Dimensions 22cm (Hb)
700 ## - ADDED ENTRY--PERSONAL NAME
Personal name Drez e, Jean
9 (RLIN) 66131
700 ## - ADDED ENTRY--PERSONAL NAME
Personal name Sen, Amartya
9 (RLIN) 66132
942 ## - ADDED ENTRY ELEMENTS (KOHA)
Institution code [OBSOLETE] dpl
Item type English Books
Source of classification or shelving scheme Dewey Decimal Classification
Classification part 363.5492
Call number suffix IND
Holdings
Withdrawn status Lost status Not for loan Collection code Home library Current library Date acquired Source of acquisition Cost, normal purchase price Full call number Barcode Copy number Cost, replacement price Koha item type Public note
      Non-fiction Vinoba Puri Vinoba Puri 13/05/2024 Gift/10.5.24 0.00 363.5492 IND B-759020 1 0.00 English Books Gift

© Delhi Public Library
Hit Counter
free hit counter